Bank and customer law in Canada

Detalles Bibliográficos
Autor principal: Ogilvie, M.H
Formato: eBook
Lenguaje:inglés
Publicado: Toronto: Irwin Law Inc., 2007
Materias:
Acceso en línea:Acceso restringido

MARC

LEADER 00000nam a22000007a 4500
005 20210909004430.0
007 cr|||| ||||
008 210909s2007 ca |||||s|||| 00||0 eng d
020 |a 9781552212592 
035 |a 35398 
040 |a vLex 
090 |c 12358  |d 12358 
100 1 |a Ogilvie, M.H. 
245 1 0 |a Bank and customer law in Canada  |h [Recurso electrn̤ico] /  |c M.H. Ogilvie 
256 |a Servicio en ln̕ea 
260 |a Toronto:  |b Irwin Law Inc.,  |c 2007 
300 |a 1 recurso electrn̤ico 
506 1 |a Disponible solo en los productos indicados  |d vLex Global  |d vLex Global (Academic Edition, excluding Law Schools)  |d vLex Global (U.S. Academic Edition, Law Schools)  |d vLex Global (U.S. Academic Edition, excluding Law Schools)  |d vLex Global (Academic Edition, Law Schools) 
650 0 4 |a Financiero  |z Canad̀ 
740 0 |a vLex Libros (Servicio en ln̕ea) 
856 4 0 |u https://app.vlex.com/#/sources/35398  |z Acceso restringido 
942 |c BOOK 
999 0 |a Financial